Site investigation manual (Record no. 88128)

MARC details
000 -LEADER
fixed length control field 00566cam a2200217 4500
001 - CONTROL NUMBER
control field D9757
008 - FIXED-LENGTH DATA ELEMENTS--GENERAL INFORMATION
fixed length control field 090401t1983 xxu||||| |||| 00| 0 eng d
035 ## - SYSTEM CONTROL NUMBER
System control number (Sirsi) u22119
041 ## - LANGUAGE CODE
Language code of text/sound track or separate title eng
050 ## - LIBRARY OF CONGRESS CALL NUMBER
Classification number 624.151
100 ## - MAIN ENTRY--PERSONAL NAME
Personal name Weltman, A.J.
245 ## - TITLE STATEMENT
Title Site investigation manual
260 ## - PUBLICATION, DISTRIBUTION, ETC.
Place of publication, distribution, etc. London
Name of publisher, distributor, etc. Construction Industry Research and Infor
Date of publication, distribution, etc. 1983
300 ## - PHYSICAL DESCRIPTION
Extent 144p. 30cm
350 ## - PRICE (NR) (BK AM CF MU VM SE) [OBSOLETE]
Price 18
490 ## - SERIES STATEMENT
Series statement CIRIA Special Publication
Volume/sequential designation 25
490 ## - SERIES STATEMENT
Series statement PSA Civil Engineering Technical Guide
Volume/sequential designation 35
700 ## - ADDED ENTRY--PERSONAL NAME
Personal name Head, J.M.
942 ## - ADDED ENTRY ELEMENTS (KOHA)
Suppress in OPAC 0
948 ## - LOCAL PROCESSING INFORMATION (OCLC); SERIES PART DESIGNATOR (RLIN)
c (OCLC) 04/03/1997
Holdings
Withdrawn status Lost status Source of classification or shelving scheme Damaged status Not for loan Home library Current library Shelving location Date acquired Cost, normal purchase price Total Checkouts Full call number Barcode Date last seen Date last checked out Copy number Cost, replacement price Price effective from Koha item type
    Dewey Decimal Classification     London London Basement 14/09/1999 18.00 2 BASEMENT 30007559 06/08/2019 03/11/2004 1 18.00 06/08/2019 Book